000 nam a22 7a 4500
999 _c7951
_d7951
008 171118b xxu||||| |||| 00| 0 eng d
100 _94412
_aCBSE
245 _a20 SASAMPLE PAPERS SCIENCE-X
260 _aNEW DELHI
_bARYA
_c2017